[Event "Letojanni op 2nd"]
[Site "Letojanni"]
[Date "2002.12.28"]
[Round "8"]
[White "Bonetti, Carlo"]
[Black "De Propris, Gabriele"]
[Result "0-1"]
[WhiteElo "1778"]
[BlackElo "1719"]
[PlyCount "98"]
[EventDate "2002.12.21"]
[EventType "swiss"]
[EventRounds "9"]
[EventCountry "ITA"]
[SourceTitle "EXT 2007"]
[Source "ChessBase"]
[SourceDate "2006.11.23"]
[SourceVersion "1"]
[SourceVersionDate "2006.11.23"]
[SourceQuality "1"]

1. e4 c5 2. d3 Nc6 3. c3 e6 4. Nf3 d5 5. Nbd2 Bd6 6. Be2 Nge7 7. 0-0 0-0 8. Re1 f5 9. Bf1 fxe4 10. dxe4 Qc7 11. Qe2 Ng6 12. g3 a6 13. a4 d4 14. Bg2 e5 15. Ng5 Rf6 16. Bh3 Bxh3 17. Nxh3 Raf8 18. Kg2 Qd7 19. Rf1 Be7 20. Nc4 Rf3 21. Ng1 R3f7 22. Nb6 Qe6 23. Nd5 Na5 24. Ra3 c4 25. Nxe7+ Rxe7 26. Nf3 d3 27. Qd1 h6 28. Be3 Qc6 29. Nd2 Nb3 30. Nxc4 Qxe4+ 31. f3 Qxc4 32. Qxb3 Qxb3 33. Rxb3 e4 34. Bc5 e3 35. Bxe7 Nxe7 36. Rxb7 Re8 37. Rd7 d2 38. Rb1 Nc6 39. Rd3 Na5 40. b3 Kh7 41. Rxe3 Rxe3 42. Kf2 Rxc3 43. b4 Nb3 44. Rd1 Rc1 45. Ke2 Kg6 46. b5 axb5 47. axb5 Nd4+ 48. Kxd2 Rxd1+ 49. Kxd1 Nxb5 0-1

[Event "Letojanni op 2nd"]
[Site "Letojanni"]
[Date "2002.12.24"]
[Round "5"]
[White "De Propris, Gabriele"]
[Black "Pircher, Karl"]
[Result "1/2-1/2"]
[WhiteElo "1719"]
[BlackElo "2058"]
[PlyCount "23"]
[EventDate "2002.12.21"]
[EventType "swiss"]
[EventRounds "9"]
[EventCountry "ITA"]
[SourceTitle "EXT 2007"]
[Source "ChessBase"]
[SourceDate "2006.11.23"]
[SourceVersion "1"]
[SourceVersionDate "2006.11.23"]
[SourceQuality "1"]

1. e4 e6 2. d4 d5 3. exd5 exd5 4. Bd3 Bd6 5. Nf3 Bg4 6. 0-0 Nc6 7. c3 Nge7 8. a4 Qd7 9. Na3 a6 10. Nc2 Bf5 11. Ne3 Bg6 12. b4 1/2-1/2

[Event "Letojanni op 2nd"]
[Site "Letojanni"]
[Date "2002.12.22"]
[Round "2"]
[White "De Propris, Gabriele"]
[Black "Fabiano, Giuseppe"]
[Result "0-1"]
[WhiteElo "1719"]
[BlackElo "2278"]
[PlyCount "54"]
[EventDate "2002.12.21"]
[EventType "swiss"]
[EventRounds "9"]
[EventCountry "ITA"]
[SourceTitle "EXT 2007"]
[Source "ChessBase"]
[SourceDate "2006.11.23"]
[SourceVersion "1"]
[SourceVersionDate "2006.11.23"]
[SourceQuality "1"]

1. e4 c5 2. Nf3 Nc6 3. d4 cxd4 4. Nxd4 e5 5. Nb5 d6 6. N1c3 a6 7. Na3 Be6 8. Nd5 Nf6 9. Nxf6+ Qxf6 10. g3 h5 11. Bg2 h4 12. Be3 g6 13. c3 0-0-0 14. Qd2 h3 15. Bf1 Qf3 16. Rg1 Qxe4 17. Bd3 Qa4 18. Nc2 d5 19. b3 Qa5 20. b4 Qa4 21. f3 d4 22. Bg5 dxc3 23. Qxc3 Rxd3 24. Qxd3 Bf5 25. Qd5 Qxc2 26. Rd1 Bxb4+ 27. Kf1 Nd4 0-1